[Event "Werner-Ott-Open Kreuzberger Sommer 2017"]
[Site "Berlin"]
[Date "2017.07.18"]
[Round "4.1"]
[White "Von Herman, Ulf"]
[Black "Stern, Rene"]
[Result "1/2-1/2"]
[WhiteElo "2313"]
[BlackElo "2427"]
[PlyCount "84"]
[EventDate "2017.07.15"]
[EventType "swiss"]
[EventRounds "9"]
[EventCountry "GER"]
[SourceTitle "WOOKS 2017"]
[Source "SC Kreuzberg"]
[SourceDate "2017.07.18"]
[SourceVersion "1"]
[SourceVersionDate "2017.07.18"]
[SourceQuality "1"]
[WhiteTeam "SK Koenig Tegel 1949"]
[BlackTeam "SK Koenig Tegel 1949"]

1. Nf3 Nf6 2. c4 e6 3. g3 d5 4. Bg2 Be7 5. O-O O-O 6. d4 c6 7. Nbd2 b6 8. Qc2
Bb7 9. e4 Nbd7 10. b3 Rc8 11. Bb2 Qc7 12. e5 Ne8 13. cxd5 cxd5 14. Qxc7 Nxc7
15. Rfc1 Na8 16. Bf1 Nb8 17. Ne1 Ba6 18. f4 Bxf1 19. Kxf1 Nc6 20. Nd3 Rc7 21.
Rc2 Rfc8 22. Rac1 Kf8 23. Nf3 Ke8 24. Ke2 Kd7 25. Kd2 Nd8 26. Rxc7+ Nxc7 27. g4
Nc6 28. h4 h5 29. gxh5 Rh8 30. Rg1 Bf8 31. Rg5 Ne7 32. Ba3 Nf5 33. Bxf8 Rxf8
34. Nde1 Rh8 35. Nc2 f6 36. Rg1 Ne8 37. Ne3 Ne7 38. b4 Rxh5 39. b5 Rh6 40. a4
Ng6 41. Ng2 Ne7 42. Ne3 Ng6 1/2-1/2

[Event "Werner-Ott-Open Kreuzberger Sommer 2017"]
[Site "Berlin"]
[Date "2017.07.18"]
[Round "4.2"]
[White "Abel, Dennes"]
[Black "Polatel, Ali"]
[Result "1-0"]
[WhiteElo "2442"]
[BlackElo "2211"]
[PlyCount "127"]
[EventDate "2017.07.15"]
[EventType "swiss"]
[EventRounds "9"]
[EventCountry "GER"]
[SourceTitle "WOOKS 2017"]
[Source "SC Kreuzberg"]
[SourceDate "2017.07.18"]
[SourceVersion "1"]
[SourceVersionDate "2017.07.18"]
[SourceQuality "1"]
[WhiteTeam "SF Berlin 1903"]
[BlackTeam "SC Zugzwang 95"]

1. Nf3 d5 2. g3 Nf6 3. Bg2 Bf5 4. c4 c6 5. cxd5 cxd5 6. Qb3 Nc6 7. Qxb7 Bd7 8.
Qb3 e5 9. O-O e4 10. Ne1 Nd4 11. Qd1 Rc8 12. Nc3 Bc5 13. d3 O-O 14. Bg5 Bg4 15.
h3 Bh5 16. g4 Bg6 17. dxe4 Bxe4 18. Bxe4 dxe4 19. e3 Nf3+ 20. Nxf3 Qxd1 21.
Rfxd1 exf3 22. Bxf6 gxf6 23. Ne4 f5 24. gxf5 Kh8 25. Kf1 Bb6 26. Rac1 Rce8 27.
Ng5 Re5 28. Nxf3 Rxf5 29. Ke2 Ra5 30. a3 Rb5 31. Rc2 Rb8 32. Rg1 h6 33. Rg4 a5
34. b4 Rh5 35. h4 Bd8 36. Rd2 axb4 37. axb4 Be7 38. Rd7 Rxb4 39. Rxb4 Bxb4 40.
Rxf7 Kg8 41. Rb7 Bc3 42. Kf1 Bf6 43. Rb4 Kf7 44. Kg2 Ra5 45. Kg3 Be7 46. Rb6
Bf6 47. Rc6 Rb5 48. Nd2 Rb4 49. Rc4 Rb6 50. f4 Be7 51. Nf3 Rb3 52. e4 Bxh4+ 53.
Kxh4 Rxf3 54. Kg4 Ra3 55. Rc6 Kg7 56. e5 Ra4 57. Kf5 Ra7 58. Rg6+ Kh7 59. Rg1
h5 60. e6 Kh6 61. Kf6 h4 62. e7 Ra6+ 63. Kf7 Ra4 64. e8=Q 1-0

[Event "Werner-Ott-Open Kreuzberger Sommer 2017"]
[Site "Berlin"]
[Date "2017.07.18"]
[Round "4.3"]
[White "Barath, Madhan"]
[Black "Malek, Daniel"]
[Result "0-1"]
[WhiteElo "2178"]
[BlackElo "2326"]
[PlyCount "96"]
[EventDate "2017.07.15"]
[EventType "swiss"]
[EventRounds "9"]
[EventCountry "GER"]
[SourceTitle "WOOKS 2017"]
[Source "SC Kreuzberg"]
[SourceDate "2017.07.18"]
[SourceVersion "1"]
[SourceVersionDate "2017.07.18"]
[SourceQuality "1"]
[WhiteTeam "SC Zugzwang 95"]
[BlackTeam "SK Zehlendorf"]

1. d4 Nf6 2. c4 e6 3. Nc3 Bb4 4. e3 O-O 5. Nge2 Re8 6. a3 Bf8 7. d5 a5 8. g3
exd5 9. cxd5 Na6 10. Bg2 Nc5 11. Qc2 a4 12. Nd4 d6 13. O-O g6 14. b4 axb3 15.
Nxb3 Bf5 16. Qd1 Nxb3 17. Qxb3 Bg7 18. Bb2 Nd7 19. Ne2 Nc5 20. Qa2 Bd3 21. Bxg7
Kxg7 22. Rfd1 Bxe2 23. Qxe2 Qf6 24. Qb5 Kf8 25. Rac1 Rxa3 26. Rd4 Ra2 27. Rf4
Qb2 28. Rxc5 dxc5 29. Qd7 Ra1+ 30. Bf1 f5 31. Kg2 Qg7 32. Qb5 b6 33. Bd3 Qe5
34. Qd7 Re7 35. Qd8+ Kg7 36. e4 Re8 37. Qd7+ Qe7 38. Qc6 Rf8 39. exf5 Qd6 40.
Qb5 Qxd5+ 41. Be4 Qd6 42. Bc2 Re1 43. Rg4 Qd5+ 44. Kh3 Rf6 45. Qb2 Qe5 46. Qb5
Rd6 47. f4 Qc3 48. Bb3 Qd3 0-1

[Event "Werner-Ott-Open Kreuzberger Sommer 2017"]
[Site "Berlin"]
[Date "2017.07.18"]
[Round "4.4"]
[White "Krefenstein, Sergej"]
[Black "Muse, Drazen"]
[Result "1/2-1/2"]
[WhiteElo "2086"]
[BlackElo "2278"]
[PlyCount "48"]
[EventDate "2017.07.15"]
[EventType "swiss"]
[EventRounds "9"]
[EventCountry "GER"]
[SourceTitle "WOOKS 2017"]
[Source "SC Kreuzberg"]
[SourceDate "2017.07.18"]
[SourceVersion "1"]
[SourceVersionDate "2017.07.18"]
[SourceQuality "1"]
[WhiteTeam "TuS Makkabi Berlin"]
[BlackTeam "SK Koenig Tegel 1949"]

1. d4 Nf6 2. c4 g6 3. Nc3 d5 4. Nf3 Bg7 5. Qb3 dxc4 6. Qxc4 Nfd7 7. e4 Nb6 8.
Qd3 Bg4 9. Be3 O-O 10. Be2 Nc6 11. Rd1 e5 12. Nxe5 Nxe5 13. dxe5 Qxd3 14. Rxd3
Bxe2 15. Kxe2 Bxe5 16. b3 Rfe8 17. Nd5 Nxd5 18. Rxd5 Bd6 19. Kf3 Re6 20. Bf4
Bxf4 21. Kxf4 Rae8 22. f3 Ra6 23. Rc1 Re7 24. Rc2 Rf6+ {(=)} 1/2-1/2

[Event "Werner-Ott-Open Kreuzberger Sommer 2017"]
[Site "Berlin"]
[Date "2017.07.18"]
[Round "4.5"]
[White "Niehaus, Frank"]
[Black "Federau, Juergen"]
[Result "1-0"]
[WhiteElo "2121"]
[BlackElo "2062"]
[PlyCount "79"]
[EventDate "2017.07.15"]
[EventType "swiss"]
[EventRounds "9"]
[EventCountry "GER"]
[SourceTitle "WOOKS 2017"]
[Source "SC Kreuzberg"]
[SourceDate "2017.07.18"]
[SourceVersion "1"]
[SourceVersionDate "2017.07.18"]
[SourceQuality "1"]
[WhiteTeam "SK Koenig Tegel 1949"]
[BlackTeam "SC Kreuzberg"]

1. e4 c5 2. Nf3 d6 3. d4 cxd4 4. Nxd4 Nf6 5. Nc3 a6 6. Bc4 b5 7. Bb3 Bb7 8. Qf3
Nbd7 9. Bg5 g6 10. O-O-O Bg7 11. Rhe1 O-O 12. Qh3 Qb6 13. f4 e5 14. Nf3 b4 15.
Na4 Qc7 16. fxe5 dxe5 17. Qh4 Bc6 18. Nc5 Nxc5 19. Bxf6 Bxf6 20. Qxf6 Bxe4 21.
Rxe4 Nxe4 22. Qh4 Nc5 23. Bd5 Rac8 24. Kb1 Ne6 25. Bb3 Rfd8 26. Re1 Qd6 27. Rc1
Rd7 28. Qf6 Qe7 29. Qxe5 Nc5 30. Qf4 Nxb3 31. axb3 Rcd8 32. h4 Rd5 33. Qc4 Rd1
34. Rxd1 Rxd1+ 35. Ka2 Qd6 36. Ng5 Rd5 37. Kb1 a5 38. Ka2 h6 39. Ne4 Qe5 $138
40. Qxd5 1-0

[Event "Werner-Ott-Open Kreuzberger Sommer 2017"]
[Site "Berlin"]
[Date "2017.07.18"]
[Round "4.6"]
[White "Krueger, Robin Kevin"]
[Black "Klenburg, Michael"]
[Result "0-1"]
[WhiteElo "1984"]
[BlackElo "2362"]
[PlyCount "84"]
[EventDate "2017.07.15"]
[EventType "swiss"]
[EventRounds "9"]
[EventCountry "GER"]
[SourceTitle "WOOKS 2017"]
[Source "SC Kreuzberg"]
[SourceDate "2017.07.18"]
[SourceVersion "1"]
[SourceVersionDate "2017.07.18"]
[SourceQuality "1"]
[WhiteTeam "MTV Tostedt"]
[BlackTeam "Beer Sheva CC"]

1. e4 c5 2. d4 cxd4 3. c3 dxc3 4. Nxc3 Nc6 5. Nf3 e6 6. Bc4 a6 7. O-O Nge7 8.
Bg5 h6 9. Be3 b5 10. Bb3 Ng6 11. Nd5 Rb8 12. Rc1 Be7 13. Nxe7 Ngxe7 14. Qd6 Bb7
15. Rfd1 Rc8 16. Rc3 Qc7 17. Rcd3 Qxd6 18. Rxd6 Nb8 19. Ne5 Bxe4 20. Nxd7 Nf5
21. R6d2 Nxd7 22. Rxd7 Nxe3 23. fxe3 O-O 24. Ra7 Rfd8 25. Rdd7 Rxd7 26. Rxd7 g5
27. Rd1 a5 28. a4 b4 29. Kf2 Rc5 30. Kg3 Kg7 31. Rd4 Bg6 32. Rd7 Kf6 33. Rb7
Be4 34. Ra7 h5 35. Kf2 h4 36. Bd1 Rc1 37. Bf3 Rc2+ 38. Kg1 Bxf3 39. gxf3 Rxb2
40. Rxa5 Ra2 41. Ra7 b3 42. Rb7 b2 0-1

[Event "Werner-Ott-Open Kreuzberger Sommer 2017"]
[Site "Berlin"]
[Date "2017.07.18"]
[Round "4.7"]
[White "Gebigke, Martin"]
[Black "Burchardt, Brigitte"]
[Result "1-0"]
[WhiteElo "2078"]
[BlackElo "2137"]
[PlyCount "97"]
[EventDate "2017.07.15"]
[EventType "swiss"]
[EventRounds "9"]
[EventCountry "GER"]
[SourceTitle "WOOKS 2017"]
[Source "SC Kreuzberg"]
[SourceDate "2017.07.18"]
[SourceVersion "1"]
[SourceVersionDate "2017.07.18"]
[SourceQuality "1"]
[WhiteTeam "SC Kreuzberg"]
[BlackTeam "SC Rotation Pankow"]

1. e4 c5 2. Nf3 d6 3. d4 cxd4 4. Nxd4 Nf6 5. Nc3 a6 6. Be3 e5 7. Nb3 Qc7 8. Qd2
b5 9. a4 b4 10. Nd5 Nxd5 11. exd5 a5 12. Bb5+ Bd7 13. Bd3 f5 14. Qe2 Be7 15. f3
O-O 16. O-O f4 17. Bf2 Bd8 18. Nd2 Be8 19. Rfc1 Nd7 20. c3 Qb8 21. cxb4 axb4
22. b3 Bf7 23. Bb5 Nf6 24. Bc6 Nxd5 25. Bxa8 Qxa8 26. Ne4 Be7 27. a5 Nf6 28.
Nxf6+ Bxf6 29. Ra4 d5 30. Bb6 Rc8 31. Rxc8+ Qxc8 32. a6 Be8 33. Ra2 Bc6 34. Qc2
Qe6 35. a7 Ba8 36. Qc7 h6 37. Bf2 e4 38. Qxf4 Be5 39. Qc1 Bc3 40. fxe4 Qxe4 41.
Qc2 Qf4 42. Qe2 d4 43. Qc4+ Kh7 44. Re2 Qf5 45. Re8 Bxg2 46. Qg8+ Kg6 47. Qe6+
Qxe6 48. Rxe6+ Kf7 49. Kxg2 1-0

[Event "Werner-Ott-Open Kreuzberger Sommer 2017"]
[Site "Berlin"]
[Date "2017.07.18"]
[Round "4.8"]
[White "Melamed, Tatjana"]
[Black "Nitsche-Hahn, Raphael"]
[Result "1-0"]
[WhiteElo "2304"]
[BlackElo "2099"]
[PlyCount "99"]
[EventDate "2017.07.15"]
[EventType "swiss"]
[EventRounds "9"]
[EventCountry "GER"]
[SourceTitle "WOOKS 2017"]
[Source "SC Kreuzberg"]
[SourceDate "2017.07.18"]
[SourceVersion "1"]
[SourceVersionDate "2017.07.18"]
[SourceQuality "1"]
[WhiteTeam "AE Magdeburg"]
[BlackTeam "SV Empor Berlin"]

1. e4 c5 2. Nf3 Nc6 3. Bb5 Nf6 4. Bxc6 dxc6 5. d3 Bg4 6. h3 Bh5 7. Nc3 Qc7 8.
g4 Bg6 9. Nh4 e5 10. Qf3 Nd7 11. Be3 Be7 12. Nf5 Rg8 13. Nxe7 Kxe7 14. O-O-O b5
15. Qg3 f6 16. f4 Bf7 17. fxe5 Qxe5 18. Qf2 Rge8 19. d4 Qc7 20. e5 Kf8 21. g5
cxd4 22. Bxd4 fxe5 23. Rhf1 Re7 24. g6 hxg6 25. Qh4 Nf6 26. Bc5 Kg8 27. Bxe7
Qxe7 28. Ne4 Qe6 29. b3 Nxe4 30. Qxe4 a5 31. Qh4 a4 32. Rd8+ Rxd8 33. Qxd8+ Kh7
34. Qh4+ Kg8 35. Rd1 axb3 36. axb3 Be8 37. Re1 Bd7 38. Qd8+ Qe8 39. Qxe8+ Bxe8
40. Rxe5 Kf7 41. Kd2 Bd7 42. h4 Kf6 43. Rc5 Ke6 44. Rg5 Kf6 45. Rc5 Ke6 46. Ke3
Kd6 47. Kd4 Bf5 48. c3 Bc2 49. b4 Bb1 50. Re5 1-0

[Event "Werner-Ott-Open Kreuzberger Sommer 2017"]
[Site "Berlin"]
[Date "2017.07.18"]
[Round "4.9"]
[White "Jaeger, Andre"]
[Black "Berger, Steve"]
[Result "0-1"]
[WhiteElo "1958"]
[BlackElo "2380"]
[PlyCount "110"]
[EventDate "2017.07.15"]
[EventType "swiss"]
[EventRounds "9"]
[EventCountry "GER"]
[SourceTitle "WOOKS 2017"]
[Source "SC Kreuzberg"]
[SourceDate "2017.07.18"]
[SourceVersion "1"]
[SourceVersionDate "2017.07.18"]
[SourceQuality "1"]
[WhiteTeam "SC Rochade"]
[BlackTeam "SK Koenig Tegel 1949"]

1. d4 g6 2. c4 Bg7 3. e4 e6 4. Nc3 Ne7 5. d5 d6 6. Nf3 O-O 7. Be2 exd5 8. cxd5
c6 9. O-O cxd5 10. exd5 Bg4 11. Qb3 Qb6 12. Nb5 Nf5 13. Bf4 Nd7 14. Nxd6 Nxd6
15. Qxb6 Nxb6 16. Bxd6 Rfe8 17. Bb5 Red8 18. Be5 Bxf3 19. Bxg7 Kxg7 20. gxf3
Rxd5 21. a4 a6 22. Be2 Rd2 23. Rfe1 Re8 24. Kf1 Rxb2 25. a5 Nd5 26. Bc4 Rxe1+
27. Kxe1 Nf4 28. Rd1 Rb4 29. Ba2 Ra4 30. Bb3 Ra3 31. Bc4 Ra4 32. Bb3 Rb4 33.
Ba2 Rb2 34. Bc4 Rc2 35. Bb3 Re2+ 36. Kf1 Rb2 37. Bc4 Rb4 38. Ba2 Ra4 39. Bd5
Rb4 40. Ba2 Ra4 41. Bd5 Rxa5 42. Bxb7 f5 43. Rd7+ Kh6 44. Ke1 Re5+ 45. Kd1 a5
46. Ba6 Rd5+ 47. Rxd5 Nxd5 48. Bc4 Nf4 49. Bg8 Kg7 50. Bc4 Kf6 51. Kc2 Nh3 52.
Kb3 Ke5 53. Bg8 h6 54. Bf7 g5 55. Ka4 Ng1 0-1

[Event "Werner-Ott-Open Kreuzberger Sommer 2017"]
[Site "Berlin"]
[Date "2017.07.18"]
[Round "4.10"]
[White "Krieger, Fabian"]
[Black "Kauschmann, Herbert"]
[Result "1/2-1/2"]
[WhiteElo "1807"]
[BlackElo "2086"]
[PlyCount "97"]
[EventDate "2017.07.15"]
[EventType "swiss"]
[EventRounds "9"]
[EventCountry "GER"]
[SourceTitle "WOOKS 2017"]
[Source "SC Kreuzberg"]
[SourceDate "2017.07.18"]
[SourceVersion "1"]
[SourceVersionDate "2017.07.18"]
[SourceQuality "1"]
[WhiteTeam "SV Mattnetz Berlin"]
[BlackTeam "BSC Rehberge 1945"]

1. d4 g6 2. e4 Bg7 3. Nf3 d6 4. Bc4 c6 5. Nc3 h6 6. h3 b5 7. Bb3 Bb7 8. Qe2 a6
9. Bf4 e6 10. Bg3 Qe7 11. O-O Nd7 12. a4 b4 13. Nb1 e5 14. c3 a5 15. Nbd2 Ngf6
16. Rfe1 O-O 17. Rad1 Nh5 18. Bh2 Rfe8 19. Nc4 Ba6 20. Qd2 Bxc4 21. Bxc4 Nb6
22. Bb3 bxc3 23. bxc3 Red8 24. Qe3 Nd7 25. Rb1 Rab8 26. Ba2 g5 27. Nd2 c5 28.
Nf3 Nf4 29. Rb5 Rxb5 30. axb5 cxd4 31. cxd4 Rb8 32. Bxf4 gxf4 33. Qd3 exd4 34.
Nxd4 Bxd4 35. Qxd4 Rxb5 36. Rd1 Rb6 37. Qd5 Kg7 38. Qf5 {(=)} Rb2 39. Bd5 Ne5
40. Qxf4 Qg5 41. Qxg5+ hxg5 42. Ra1 Rb5 43. Rc1 Rb6 44. Rc7 Ra6 45. g3 a4 46.
f4 gxf4 47. gxf4 Nd3 48. Rxf7+ Kh8 49. Rf8+ 1/2-1/2

[Event "Werner-Ott-Open Kreuzberger Sommer 2017"]
[Site "Berlin"]
[Date "2017.07.18"]
[Round "4.11"]
[White "Kohler, Thomas"]
[Black "Jurkatis, Hagen"]
[Result "1/2-1/2"]
[WhiteElo "2140"]
[BlackElo "1961"]
[PlyCount "36"]
[EventDate "2017.07.15"]
[EventType "swiss"]
[EventRounds "9"]
[EventCountry "GER"]
[SourceTitle "WOOKS 2017"]
[Source "SC Kreuzberg"]
[SourceDate "2017.07.18"]
[SourceVersion "1"]
[SourceVersionDate "2017.07.18"]
[SourceQuality "1"]
[WhiteTeam "SC Zitadelle Spandau 1977"]
[BlackTeam "SG Weissensee 49"]

1. c4 f5 2. Nc3 Nf6 3. d4 d6 4. Nf3 g6 5. g3 Bg7 6. Bg2 O-O 7. O-O Nc6 8. Qb3
Kh8 9. Rd1 Ne4 10. Be3 Nxc3 11. Qxc3 Qe8 12. Qc2 h6 13. d5 Ne5 14. Rab1 g5 15.
Bd4 Bd7 16. Qc3 Nxf3+ 17. Bxf3 Qf7 18. Rbc1 b6 1/2-1/2

[Event "Werner-Ott-Open Kreuzberger Sommer 2017"]
[Site "Berlin"]
[Date "2017.07.18"]
[Round "4.12"]
[White "Feil, Stephan"]
[Black "Gelman, Josef"]
[Result "1-0"]
[WhiteElo "2053"]
[BlackElo "1921"]
[PlyCount "61"]
[EventDate "2017.07.15"]
[EventType "swiss"]
[EventRounds "9"]
[EventCountry "GER"]
[SourceTitle "WOOKS 2017"]
[Source "SC Kreuzberg"]
[SourceDate "2017.07.18"]
[SourceVersion "1"]
[SourceVersionDate "2017.07.18"]
[SourceQuality "1"]
[WhiteTeam "SK Ladenburg"]
[BlackTeam "SC Weisse Dame"]

1. e4 e5 2. Nf3 Nc6 3. d4 exd4 4. Nxd4 Nf6 5. Nxc6 bxc6 6. e5 Qe7 7. Qe2 Nd5 8.
c4 Nb6 9. Nc3 Qe6 10. Qe4 g6 11. f4 Bg7 12. c5 Nd5 13. Bc4 Nxc3 14. bxc3 Qe7
15. Be3 O-O 16. O-O d5 17. cxd6 cxd6 18. Qxc6 Bb7 19. Qxd6 Qxd6 20. exd6 Rac8 {
(=)} 21. Bb3 Rxc3 22. Bxa7 Ra8 23. d7 Bf6 24. Rad1 Ba6 25. Bd4 Bxd4+ 26. Rxd4
Rd8 27. Re1 Kf8 28. Ba4 Kg7 29. Re8 Rc1+ 30. Kf2 Rf1+ 31. Kg3 1-0

[Event "Werner-Ott-Open Kreuzberger Sommer 2017"]
[Site "Berlin"]
[Date "2017.07.18"]
[Round "4.13"]
[White "Boettcher, Patrick"]
[Black "Hiller, Bernd"]
[Result "1-0"]
[WhiteElo "2056"]
[BlackElo "1814"]
[PlyCount "73"]
[EventDate "2017.07.15"]
[EventType "swiss"]
[EventRounds "9"]
[EventCountry "GER"]
[SourceTitle "WOOKS 2017"]
[Source "SC Kreuzberg"]
[SourceDate "2017.07.18"]
[SourceVersion "1"]
[SourceVersionDate "2017.07.18"]
[SourceQuality "1"]
[WhiteTeam "SC Zitadelle Spandau 1977"]
[BlackTeam "SV Berolina Mitte"]

1. Nf3 d5 2. d4 Nc6 3. c4 Bg4 4. Nc3 Nf6 5. cxd5 Bxf3 6. gxf3 Nxd5 7. e4 Nxc3
8. bxc3 a6 9. d5 Nb8 10. Qb3 b6 11. Be3 Qd6 12. Rd1 g6 13. Bd4 f6 14. c4 Nd7
15. Bh3 Nc5 16. Qe3 Bg7 17. f4 O-O 18. e5 Qd8 19. O-O f5 20. Bxc5 bxc5 21. Qxc5
Bh6 22. Qe3 Rb8 23. Rb1 Qd7 24. Rb3 Qa4 25. Rfb1 Rxb3 26. axb3 Qa2 27. Rd1 Rb8
28. Rd3 Qb1+ 29. Bf1 Rb6 30. d6 exd6 31. c5 Rb4 32. exd6 cxd6 33. Qe6+ Kg7 34.
Rxd6 Bxf4 35. Qe7+ Kh6 36. Qh4+ Kg7 37. Rd7+ 1-0

[Event "Werner-Ott-Open Kreuzberger Sommer 2017"]
[Site "Berlin"]
[Date "2017.07.18"]
[Round "4.14"]
[White "Wierzbicki, Jirawat"]
[Black "Dathe, Frederick"]
[Result "1-0"]
[WhiteElo "2029"]
[BlackElo "1841"]
[PlyCount "71"]
[EventDate "2017.07.15"]
[EventType "swiss"]
[EventRounds "9"]
[EventCountry "GER"]
[SourceTitle "WOOKS 2017"]
[Source "SC Kreuzberg"]
[SourceDate "2017.07.18"]
[SourceVersion "1"]
[SourceVersionDate "2017.07.18"]
[SourceQuality "1"]
[WhiteTeam "SK Koenig Tegel 1949"]
[BlackTeam "SC Kreuzberg"]

1. e4 g6 2. d4 Bg7 3. c3 d6 4. Nf3 Nf6 5. Bd3 O-O 6. O-O Nbd7 7. Re1 e5 8. Nbd2
h6 9. Nf1 c6 10. a4 a5 11. Ng3 Qc7 12. Qc2 Re8 13. h3 Nf8 14. Bd2 Ne6 15. Rac1
Nd7 16. Ne2 Qd8 17. Be3 Qe7 18. Qd2 Kh7 {(=)} 19. Nh2 d5 20. exd5 cxd5 21. dxe5
Nxe5 22. Bb5 Rd8 23. Nf4 Qd6 24. Nxe6 Bxe6 25. Bf4 Bd7 26. Bxd7 Rxd7 27. Ng4
Nc4 28. Bxd6 Nxd2 29. Bf4 Ne4 30. Be3 f5 31. Nh2 d4 32. cxd4 Rad8 33. Nf3 g5
34. h4 f4 35. Bxf4 gxf4 36. Rxe4 1-0

[Event "Werner-Ott-Open Kreuzberger Sommer 2017"]
[Site "Berlin"]
[Date "2017.07.18"]
[Round "4.15"]
[White "Weber, Erwin"]
[Black "Lange, Cecilia"]
[Result "1-0"]
[WhiteElo "1953"]
[BlackElo "1917"]
[PlyCount "103"]
[EventDate "2017.07.15"]
[EventType "swiss"]
[EventRounds "9"]
[EventCountry "GER"]
[SourceTitle "WOOKS 2017"]
[Source "SC Kreuzberg"]
[SourceDate "2017.07.18"]
[SourceVersion "1"]
[SourceVersionDate "2017.07.18"]
[SourceQuality "1"]
[WhiteTeam "SF Berlin 1903"]
[BlackTeam "TSG Oberschoeneweide"]

1. Nf3 Nf6 2. d4 d5 3. e3 e6 4. Bd3 c5 5. b3 Nc6 6. Bb2 Be7 7. Nbd2 O-O 8. a3
Bd7 9. O-O a6 10. Ne5 cxd4 11. exd4 Na7 12. f4 Nb5 13. g4 Nd6 14. Qf3 Bb5 15.
c4 Bc6 16. Nxc6 bxc6 17. c5 Nde4 18. Nxe4 dxe4 19. Bxe4 Nxe4 20. Qxe4 Qd5 21.
Qxd5 exd5 22. Rae1 Bh4 23. Re3 Rfe8 24. Rff3 Kf8 25. Kf1 Rxe3 26. Rxe3 Re8 27.
Rxe8+ Kxe8 28. Ke2 Ke7 29. Bc1 Ke6 30. Bd2 Bd8 31. f5+ Kf6 32. h4 h6 33. Bf4
Ke7 34. Kf3 Kd7 35. g5 h5 {(=)} 36. Be5 g6 37. Kf4 Ke8 38. Bd6 Ba5 39. b4 Bd8
40. fxg6 fxg6 41. Bb8 a5 42. Ke5 Ke7 43. b5 cxb5 44. Kxd5 b4 45. axb4 axb4 46.
Kc4 Kd7 47. d5 b3 48. Kxb3 Ba5 49. Bg3 Bd8 50. Kc4 Ba5 51. c6+ Kd8 52. d6 1-0

[Event "Werner-Ott-Open Kreuzberger Sommer 2017"]
[Site "Berlin"]
[Date "2017.07.18"]
[Round "4.16"]
[White "Di Candia, Roberto"]
[Black "Kirchhof, Arno"]
[Result "1/2-1/2"]
[WhiteElo "1925"]
[BlackElo "1984"]
[PlyCount "140"]
[EventDate "2017.07.15"]
[EventType "swiss"]
[EventRounds "9"]
[EventCountry "GER"]
[SourceTitle "WOOKS 2017"]
[Source "SC Kreuzberg"]
[SourceDate "2017.07.18"]
[SourceVersion "1"]
[SourceVersionDate "2017.07.18"]
[SourceQuality "1"]
[WhiteTeam "SF Berlin 1903"]
[BlackTeam "SC Zugzwang 95"]

1. e4 e6 2. d4 d5 3. Nc3 Bb4 4. e5 c5 5. Bd2 Ne7 6. Nb5 Bxd2+ 7. Qxd2 cxd4 8.
Nd6+ Kf8 9. Qf4 Nf5 10. Nxf5 Qa5+ 11. c3 exf5 12. b4 Qb6 13. Nf3 dxc3 14. Bd3
Nc6 15. b5 Ne7 16. Qb4 Bd7 17. Rc1 a5 18. Qd6 Qxd6 19. exd6 Nc8 20. Ne5 Be6 21.
d7 Nb6 22. Rxc3 f6 23. Nf3 Bxd7 24. Rc7 Ke7 25. Kd2 Kd6 26. Rxb7 Rhb8 27. Rxb8
Rxb8 28. Re1 Nc4+ 29. Bxc4 dxc4 30. a4 Kc5 31. Kc3 Rb6 32. Rd1 Be6 33. Nd4 Rd6
34. Nxe6+ Rxe6 35. Rd7 Re2 36. Rxg7 Rxf2 37. Rxh7 Rxg2 38. Rc7+ Kd5 39. Rxc4
Rxh2 40. Rd4+ Ke5 41. Rc4 Rh3+ 42. Kc2 f4 43. b6 Rh8 44. Rc5+ Ke4 45. Rxa5 f3
46. Rb5 f2 47. Rb1 Ke3 48. a5 Rb8 49. Kc3 Ke2 50. Kc4 f1=Q 51. Rxf1 Kxf1 52.
Kc5 f5 53. a6 f4 54. a7 Rf8 55. b7 f3 56. a8=Q Rxa8 57. bxa8=Q f2 58. Qh1+ Ke2
59. Qg2 Ke1 60. Qg3 Ke2 61. Qg4+ Ke1 62. Qg3 Ke2 63. Qe5+ Kf1 64. Kd4 Kg2 65.
Qe4+ Kg1 66. Qg4+ Kh2 67. Qe2 Kg1 68. Qg4+ Kh2 69. Qf3 Kg1 70. Qg3+ Kh1 1/2-1/2

[Event "Werner-Ott-Open Kreuzberger Sommer 2017"]
[Site "Berlin"]
[Date "2017.07.18"]
[Round "4.17"]
[White "Kievelitz, Bernd"]
[Black "Albrecht, Rainer"]
[Result "1/2-1/2"]
[WhiteElo "1871"]
[BlackElo "1973"]
[PlyCount "34"]
[EventDate "2017.07.15"]
[EventType "swiss"]
[EventRounds "9"]
[EventCountry "GER"]
[SourceTitle "WOOKS 2017"]
[Source "SC Kreuzberg"]
[SourceDate "2017.07.18"]
[SourceVersion "1"]
[SourceVersionDate "2017.07.18"]
[SourceQuality "1"]
[WhiteTeam "SC Zitadelle Spandau 1977"]
[BlackTeam "SC Kreuzberg"]

1. Nf3 d5 2. d4 Nf6 3. c4 e6 4. Nc3 a6 5. cxd5 exd5 6. Bf4 Bd6 7. Bg3 O-O 8. e3
c6 9. Bd3 Bg4 10. Qc2 Re8 11. Ne5 Bc8 12. O-O c5 13. Bf5 Nc6 14. Nxc6 bxc6 15.
dxc5 Bxf5 16. Qxf5 Bxc5 17. Bh4 Qd7 1/2-1/2

[Event "Werner-Ott-Open Kreuzberger Sommer 2017"]
[Site "Berlin"]
[Date "2017.07.18"]
[Round "4.18"]
[White "Woerz, Markus"]
[Black "Jess, Arne"]
[Result "1-0"]
[WhiteElo "1910"]
[BlackElo "1810"]
[PlyCount "74"]
[EventDate "2017.07.15"]
[EventType "swiss"]
[EventRounds "9"]
[EventCountry "GER"]
[SourceTitle "WOOKS 2017"]
[Source "SC Kreuzberg"]
[SourceDate "2017.07.18"]
[SourceVersion "1"]
[SourceVersionDate "2017.07.18"]
[SourceQuality "1"]
[WhiteTeam "SC Kreuzberg"]
[BlackTeam "TSG Fredersdorf/Vogelsdorf"]

1. e4 c5 2. Nc3 d6 3. f4 Nc6 4. Nf3 Bg4 5. Bb5 a6 6. Bxc6+ bxc6 7. h3 Bxf3 8.
Qxf3 Qc7 9. O-O Nf6 10. d3 Nd7 11. b3 e5 12. Ne2 Be7 13. Bb2 Bf6 14. Kh1 exf4
15. Bxf6 Nxf6 16. Qxf4 O-O 17. Ng3 Rad8 18. Nf5 Ne8 19. Rf3 Qd7 20. Rg3 Kh8 21.
Rf1 f6 22. Re3 Nc7 23. Qf2 Ne6 24. c3 Rfe8 25. Re2 Ng5 26. h4 Ne6 27. d4 cxd4
28. cxd4 d5 29. e5 fxe5 30. dxe5 Rf8 31. Qe1 g6 32. Nd6 Rxf1+ 33. Qxf1 Rf8 34.
Rf2 Rxf2 35. Qxf2 Qe7 36. g3 Kg7 37. Qb6 g5 1-0

[Event "Werner-Ott-Open Kreuzberger Sommer 2017"]
[Site "Berlin"]
[Date "2017.07.18"]
[Round "4.19"]
[White "Ziems, Michael"]
[Black "Sechting, Martin"]
[Result "0-1"]
[WhiteElo "1822"]
[BlackElo "1906"]
[PlyCount "54"]
[EventDate "2017.07.15"]
[EventType "swiss"]
[EventRounds "9"]
[EventCountry "GER"]
[SourceTitle "WOOKS 2017"]
[Source "SC Kreuzberg"]
[SourceDate "2017.07.18"]
[SourceVersion "1"]
[SourceVersionDate "2017.07.18"]
[SourceQuality "1"]
[WhiteTeam "SV Empor Berlin"]
[BlackTeam "SC Weisse Dame"]

1. d4 d5 2. c4 e6 3. Nc3 c5 4. e3 Nf6 5. Nf3 a6 6. cxd5 exd5 7. Be2 Bd6 8. O-O
O-O 9. b3 Nc6 10. Bb2 b6 11. Rc1 Bb7 12. Na4 Ne4 13. Bd3 Re8 14. a3 Rc8 15. Qe2
cxd4 16. Nxd4 b5 17. Nf5 bxa4 18. Qg4 g6 19. Nh6+ Kf8 20. f4 d4 21. Qh3 Nf6 22.
e4 $138 Nxe4 23. Nxf7 Qf6 24. Bc4 Bxf4 25. Rxf4 Qxf4 26. Qxh7 Qe3+ 27. Kh1 Nf2+
0-1